La política del buen vecino y el periodo revolucionario en Costa Rica 1933-1948 /

保存先:
書誌詳細
第一著者: Cáceres Prendes, Jorge
団体著者: Universidad nacional. Escuela de Relaciones Internacionales
その他の著者: Eguizábal Mendoza, Cristina Rhenan Segura, Jorge
フォーマット: テキスト
出版事項: Heredia: Universidad Nacional. Escuela de Relaciones Internacionales
タグ: タグ追加
タグなし, このレコードへの初めてのタグを付けませんか!

MARC

LEADER 00000 a a2200000 04500
001 21426
003
040
090 |a 094400  
100 |a Cáceres Prendes, Jorge  
110 |a Universidad nacional. Escuela de Relaciones Internacionales  
245 |a La política del buen vecino y el periodo revolucionario en Costa Rica 1933-1948 /  |c Jorge Cáceres Prendes 
260 |a Heredia:   |b Universidad Nacional. Escuela de Relaciones Internacionales  
300 |a 73 p.  
700 |a Eguizábal Mendoza, Cristina   |a Rhenan Segura, Jorge  
999 |c 17634  |d 17634